II Festival D´Elx de Teatre I Música Medieval, (28 d´octubre a I de novembre 1992) (Record no. 9450)

MARC details
000 -CABECERA
campo de control de longitud fija 00823nam a2200229 a 4500
001 - NÚMERO DE CONTROL
campo de control BRL_638
005 - FECHA Y HORA DE LA ÚLTIMA TRANSACCIÓN
campo de control 20190320210830.0
008 - DATOS DE LONGITUD FIJA--INFORMACIÓN GENERAL
campo de control de longitud fija 170913s1992----sp-a######---#000-i#cat-#
041 ## - CÓDIGO DE LENGUA
Código de lengua del texto/banda sonora o título independiente cat
044 ## - CÓDIGO DEL PAÍS DE LA ENTIDAD EDITORA/PRODUCTORA
Código MARC del país sp
050 #4 - SIGNATURA TOPOGRÁFICA DE LA BIBLIOTECA DEL CONGRESO
Número de clasificación PN2782
Número de documento/Ítem .F47 1992
111 2# - ENTRADA PRINCIPAL--NOMBRE DE CONGRESO/REUNIÓN
Nombre de congreso/reunión o jurisdicción como elemento de entrada Festival d´Elx de Teatre i Música Medieval
Número del congreso/reunión o número de parte o sección 2
Fecha del congreso/reunión 28 de octubre al 1 de noviembre
Sede del congreso/Lugar de la reunión Valencia
9 (RLIN) 24490
245 10 - MENCIÓN DE TÍTULO
Título II Festival D´Elx de Teatre I Música Medieval, (28 d´octubre a I de novembre 1992)
260 ## - PUBLICACIÓN, DISTRIBUCIÓN, ETC.
Lugar de publicación, distribución, etc. Valencia
Nombre del editor, distribuidor, etc. Ajuntament D´elx
Fecha de publicación, distribución, etc. 1992
300 ## - DESCRIPCIÓN FÍSICA
Extensión 53 p.
Otras características físicas il. (algunas a color)
Dimensiones 34 cm.
500 ## - NOTA GENERAL
Nota general Au650
650 14 - PUNTO DE ACCESO ADICIONAL DE MATERIA--TÉRMINO DE MATERIA
Término de materia o nombre geográfico como elemento de entrada Teatro
Subdivisión de forma Congresos
Subdivisión general Historia
Subdivisión cronológica Medieval, 500-1500
Subdivisión geográfica España
9 (RLIN) 24491
650 14 - PUNTO DE ACCESO ADICIONAL DE MATERIA--TÉRMINO DE MATERIA
Término de materia o nombre geográfico como elemento de entrada Teatro medieval
Subdivisión de forma Congresos
Subdivisión general Historia y crítica
9 (RLIN) 24492
650 14 - PUNTO DE ACCESO ADICIONAL DE MATERIA--TÉRMINO DE MATERIA
Término de materia o nombre geográfico como elemento de entrada Música medieval
Subdivisión de forma Congresos
Subdivisión geográfica España
9 (RLIN) 24493
902 ## - CATALOGADOR
Iniciales GRL
942 ## - ELEMENTOS DE PUNTO DE ACCESO ADICIONAL (KOHA)
Fuente del sistema de clasificación o colocación Library of Congress Classification
Tipo de ítem Koha Libros
Holdings
Estado de retiro Estado de pérdida Estado dañado No para préstamo Localización permanente Ubicación/localización actual Fecha de adquisición Número de inventario Total de préstamos Signatura topográfica completa Código de barras Fecha visto por última vez Precio válido a partir de Tipo de ítem Koha
El ejemplar forma parte de la colección y puede ser consultado según las políticas vigentes.       Biblioteca Centro de Estudios Ruth D. Lechuga Biblioteca Centro de Estudios Ruth D. Lechuga 13/09/2013 Au650   PN2782 .F47 1992 (Au650) GRL00706 22/03/2019 22/03/2019 Libros